[Event "ECC"]
[Site "Panormo GRE"]
[Date "2001.09.24"]
[Round "2"]
[White "Nikolic,Pr"]
[Black "Atlas,V"]
[Result "1/2-1/2"]
[WhiteElo "2652"]
[BlackElo "2484"]

1.d4 Nf6 2.c4 e6 3.Nf3 b6 4.g3 Bb7 5.Bg2 Be7 6.O-O O-O 7.Bf4 d6 8.Nc3 Ne4
9.Rc1 Nd7 10.d5 Nxc3 11.Rxc3 e5 12.Bc1 f5 13.Ne1 Bf6 14.e4 fxe4 15.Be3 Bc8
16.Bxe4 Nc5 17.Bxc5 bxc5 18.Nd3 a5 19.Rc2 g6 20.Re1 Bg7 21.Kh1 Bh6 22.f3 Qf6
23.Kg2 Bd7 24.Rf2 Rab8 25.Ree2 Qg7 26.Qe1 a4 27.h4 g5 28.hxg5 Bxg5 29.Kh1 h6
30.Rh2 Rbe8 31.Qa5 Rf7 32.Qxc7 Qf8 33.Rhf2 Bg4 34.Qa5 Bxf3+ 35.Bxf3 Rxf3
36.Kg2 Rxf2+ 37.Nxf2 Qf5 38.Qxa4 Rf8 39.Qc2 Qf3+ 40.Kh2 Be3 41.Nh3 Kg7 42.b3 h5
43.Rg2 e4 44.a4 Kh6 45.Ng1 Bxg1+ 46.Kxg1 Qe3+ 47.Kh2 h4 48.Qd2 hxg3+ 49.Kh3 Qxd2
50.Rxd2 Kg5 51.Kxg3 Rf3+ 52.Kg2 Rxb3 53.Ra2 Kf4 54.a5 Ke3 55.a6 Rb8 56.a7 Ra8
57.Kf1 Kd3 58.Ra4 Kd2 59.Ra6 e3 60.Ra2+ Kd3 61.Ra4 Kd2 62.Ra2+ Kc3 63.Ke2 Kxc4
64.Kxe3 Kxd5 65.Kd3 Kc6 66.Ra6+ Kb5 67.Rxd6 Rxa7 68.Rh6 Ra3+ 69.Kc2 Kb4 70.Rh4+ c4
71.Rh8 Ra2+ 72.Kb1 Rd2 73.Rh3 Rd3 74.Rh2 Kc3 75.Rc2+ Kd4 76.Rh2 Kc3 77.Rc2+ Kb4
78.Rh2 Ra3 79.Rh8 Rg3 80.Rh2 Kc3 81.Rc2+ Kd3 82.Kb2 Kd4 83.Rd2+ Rd3 84.Kc2 Rxd2+
85.Kxd2  1/2-1/2

[Event "ECC"]
[Site "Panormo GRE"]
[Date "2001.09.25"]
[Round "3"]
[White "Nikolic,Pr"]
[Black "Onischuk,Al"]
[Result "1/2-1/2"]
[WhiteElo "2652"]
[BlackElo "2667"]

1.d4 Nf6 2.c4 e6 3.Nf3 d5 4.Bg5 Be7 5.Nc3 O-O 6.e3 Nbd7 7.Qc2 c5 8.cxd5 Nxd5
9.Bxe7 Qxe7 10.Nxd5 exd5 11.Bd3 g6 12.dxc5 Nxc5 13.O-O Bg4 14.Nd4 Rac8 15.Rfc1 Qf6
16.Qd2 Ne4 17.Qe1 Nc5 18.Be2 Bxe2 19.Qxe2 Ne6 20.Nxe6 fxe6 21.Qd2 b6 22.Rxc8 Rxc8
23.Rc1 Rc5 24.h3 Qe5 25.b4 Rc7 26.a4 Kf7 27.Rxc7+ Qxc7 28.Qd4 Qc4 29.Qh8 h5
30.Qh7+ Kf6 31.Qxa7 Qxb4 32.Qd7 h4 33.Kh2 g5 34.Qd8+ Kg6 35.Qe8+ Kf6 36.Qd7 Qe7
37.Qc6 Qb4 38.Qc7 Qxa4 39.Qxb6  1/2-1/2

[Event "ECC"]
[Site "Panormo GRE"]
[Date "2001.09.27"]
[Round "5"]
[White "Nikolic,Pr"]
[Black "Coenen,N"]
[Result "1-0"]
[WhiteElo "2652"]
[BlackElo "2418"]

1.d4 Nf6 2.Nf3 g6 3.g3 Bg7 4.Bg2 d5 5.O-O O-O 6.c4 dxc4 7.Na3 Nc6 8.Nxc4 Be6
9.b3 Bd5 10.Bb2 a5 11.Ne3 Be4 12.a3 Qc8 13.Nc4 Rd8 14.e3 h6 15.Rc1 Bd5 16.Re1 Ne4
17.Qe2 Qe6 18.Rc2 f5 19.Rec1 Ra6 20.Ne1 g5 21.Nd3 Ra7 22.f3 Nd6 23.Nce5 Nxe5
24.dxe5 Ne8 25.Nc5 Qc8 26.Rd2 Bf7 27.e6 Bg6 28.Rd7 b6 29.Rcd1  1-0

[Event "ECC"]
[Site "Panormo GRE"]
[Date "2001.09.29"]
[Round "7"]
[White "Nikolic,Pr"]
[Black "Bareev,E"]
[Result "1/2-1/2"]
[WhiteElo "2652"]
[BlackElo "2719"]

1.d4 d5 2.c4 c6 3.Nf3 Nf6 4.cxd5 cxd5 5.Nc3 Nc6 6.Bf4 a6 7.e3 Bg4 8.h3 Bxf3
9.Qxf3 e6 10.Bd3 h6 11.O-O Bd6 12.Rac1 O-O 13.a3 Qe7 14.Rfd1 Rfd8 15.Bxd6  1/2-1/2

[Event "Corsica Masters Rapid"]
[Site "Bastia FRA"]
[Date "2001.10.29"]
[Round "1.2"]
[White "Nikolic,Pr"]
[Black "Leko,P"]
[Result "1/2-1/2"]
[WhiteElo "2652"]
[BlackElo "2739"]

1.d4 Nf6 2.Nf3 g6 3.g3 Bg7 4.Bg2 d5 5.O-O O-O 6.c4 dxc4 7.Na3 c3 8.bxc3 c5
9.e3 Nc6 10.Qe2 Bf5 11.Rd1 Qb6 12.Nc4 Qa6 13.Bf1 Na5 14.Nce5 Qxe2 15.Bxe2 Ne4
16.Bb2 Rfd8 17.Bd3 Nd6 18.Bxf5 gxf5 19.Ba3 b6 20.Nd3 Ne4 21.Rac1 Nc4 22.Bb2 Rac8
23.Ba1 e6 24.Kf1 Rc7 25.Ke2 Rdc8 26.Nfe1 Bf8 27.d5 Rd7 28.dxe6 fxe6 29.Nb2 Rxd1
30.Nxd1 Rd8 31.Nd3 Bg7 32.f3 Ned6 33.N1f2 Kf7 34.Rd1 Ke7 35.g4 fxg4 36.Nxg4 Nb5
37.Rc1 Rg8 38.Ngf2 Bf6 39.Nf4 Be5 40.N2d3 Bxf4 41.Nxf4 e5 42.Nd5+ Ke6 43.e4 Rg2+
44.Kd3 Nbd6 45.Rc2 Rg1 46.Bb2 Rf1 47.Ke2 Rh1 48.Kd3 Rd1+ 49.Ke2 Rh1 50.Kd3  1/2-1/2

[Event "FIDE WCh KO"]
[Site "Moscow RUS"]
[Date "2001.11.03"]
[Round "4.1"]
[White "Lautier,J"]
[Black "Nikolic,Pr"]
[Result "1/2-1/2"]
[WhiteElo "2653"]
[BlackElo "2652"]

1.d4 Nf6 2.c4 e6 3.Nc3 Bb4 4.e3 c5 5.Ne2 cxd4 6.exd4 O-O 7.a3 Be7 8.Nf4 d5
9.cxd5 Nxd5 10.Ncxd5 exd5 11.Bd3 Nc6 12.O-O Bf6 13.Be3 g6 14.Rc1 Bg7 15.Rc5 Ne7
16.Qb3 b6 17.Rc3 Qd6 18.Rfc1 Bxd4 19.Bxd4 Qxf4 20.Qb4 Nf5 21.Bf6 Qxb4 22.axb4 Bd7
23.Ba6 Rae8 24.Rc7 Ba4 25.Rxa7 Re6 26.Bc3 d4 27.Bd2 Nd6 28.h3 Rfe8 29.Bf4 b5
30.Rc5 Bb3 31.Bxb5 Nxb5 32.Rxb5 Re1+ 33.Kh2 R1e2 34.Ra3 Be6 35.Rba5 Rxf2
36.Be5 Rxb2 37.Bxd4 Rxb4 38.Ra8 Bc8 39.Re3 Rf8 40.Bc5 Rc4 41.Bxf8 Kxf8 42.Raa3 Be6  1/2-1/2

[Event "Bundesliga 2001-2"]
[Site "Hamburg GER"]
[Date "2002.02.01"]
[Round "5"]
[White "Nikolic,Pr"]
[Black "Dutreeuw,M"]
[Result "1/2-1/2"]
[WhiteElo "2653"]
[BlackElo "2345"]

1.d4 d5 2.c4 e6 3.Nc3 Be7 4.Nf3 Nf6 5.Bg5 O-O 6.e3 h6 7.Bxf6 Bxf6 8.Qb3 c6
9.Rd1 Nd7 10.Bd3 Qb6 11.Qc2 Rd8 12.O-O Nf8 13.a3 Bd7 14.e4 dxe4 15.Nxe4 Be7
16.c5 Qc7 17.Rfe1 Be8 18.Bc4 b6 19.Ba2 Rab8 20.Rd2 Kh8 21.h3 f6 22.Qc3 Bh5
23.b4 Qf4 24.Nh2 Bg6 25.Rde2 bxc5 26.dxc5 Rb7 27.g3 Qf5 28.Kg2 Rbd7 29.Bb1 Qd5
30.Nf3 e5 31.Qc1 Qg8 32.Nh4 Bh7 33.Nc3 Bxb1 34.Qxb1 Qc4 35.Re3 Ne6 36.Qg6 Bf8
37.Ne4 Nd4 38.Rc3 Qf7 39.Qxf7 Rxf7 40.Ng6+ Kg8 41.Nxf8 Kxf8 42.Nd6 Re7 43.f4 exf4
44.Rxe7 Kxe7 45.gxf4 Ke6 46.Re3+ Kd5 47.Re7 a5 48.Nb7 Rg8 49.Nxa5 g5 50.Rd7+ Ke4
51.f5 g4 52.Nc4 gxh3+ 53.Kxh3 Nf3 54.Nd2+ Nxd2 55.Rxd2 Ra8 56.Kg4 Rxa3 57.Re2+ Kd5
58.Re6 Rb3 59.Rxf6 Rxb4+ 60.Kh5 Kxc5 61.Rxh6 Kd5 62.Rh8 Rf4 63.Kg6 c5 64.f6 c4
65.f7 Rxf7 66.Kxf7 c3 67.Rh2 Kd4 68.Ke6 Kd3 69.Kd5 c2  1/2-1/2

[Event "Bundesliga 2001-2"]
[Site "Hamburg GER"]
[Date "2002.02.02"]
[Round "6"]
[White "Babula,V"]
[Black "Nikolic,Pr"]
[Result "1/2-1/2"]
[WhiteElo "2551"]
[BlackElo "2653"]

1.d4 d5 2.c4 c6 3.Nf3 Nf6 4.Nc3 a6 5.c5 Nbd7 6.Bf4 Nh5 7.e3 g6 8.Bd3 Bg7
9.O-O O-O 10.Bg5 Re8 11.Nd2 b6 12.cxb6 Qxb6 13.Na4 Qa7 14.Nb3 e5 15.Be2 Nhf6
16.Bxf6 Bxf6 17.Rc1 Qc7 18.Bf3 Qd6 19.Na5 exd4 20.exd4 Nb8 21.Nb6 Ra7 22.Bxd5 Bf5
23.Bxc6 Nxc6 24.Rxc6 Qxd4 25.Nd5 Bg7 26.Qxd4  1/2-1/2

[Event "Bundesliga 2001-2"]
[Site "Hamburg GER"]
[Date "2002.02.03"]
[Round "7"]
[White "Nikolic,Pr"]
[Black "Pajeken,W"]
[Result "1-0"]
[WhiteElo "2653"]
[BlackElo "2350"]

1.d4 Nf6 2.c4 c5 3.d5 e6 4.Nc3 exd5 5.cxd5 d6 6.g3 g6 7.Bg2 Bg7 8.Nf3 O-O
9.O-O a6 10.a4 Nbd7 11.Bf4 Qe7 12.a5 Rb8 13.e4 b5 14.axb6 Rxb6 15.Nd2 Rb4
16.Na2 Rb8 17.Nc4 Ne8 18.Rb1 Ne5 19.Bxe5 Bxe5 20.Nxe5 dxe5 21.Re1 Bd7 22.Qc2 Bb5
23.Rbc1 c4 24.Qd2 Nd6 25.Nb4 Rb6 26.Ra1 Nb7 27.Bf1 Nc5 28.Ra2 Nb3 29.Qc3 Qc5
30.Nc2 Nd4 31.b4 cxb3 32.Qxc5 Nf3+ 33.Kg2 Nxe1+ 34.Nxe1 Bxf1+ 35.Kxf1 bxa2
36.Qa3 Rc8 37.Qxa2 Rc1 38.Ke2  1-0

[Event "Bundesliga 2001-2"]
[Site "Luebeck GER"]
[Date "2002.03.16"]
[Round "10"]
[White "Nikolic,Pr"]
[Black "Ftacnik,L"]
[Result "1-0"]
[WhiteElo "2653"]
[BlackElo "2574"]

1.d4 Nf6 2.Nf3 g6 3.g3 d5 4.Bg2 Bg7 5.O-O O-O 6.c4 dxc4 7.Na3 Na6 8.Ne5 c5
9.dxc5 Nxc5 10.Be3 Nce4 11.Nexc4 b6 12.Qb3 Bb7 13.Rfe1 Qb8 14.Rac1 Ng4 15.Bxe4 Bxe4
16.Bf4 e5 17.Bg5 Bf5 18.Be7 Re8 19.Bd6 Qb7 20.Nb5 Bh6 21.Rc3 Rac8 22.Ba3 Red8
23.Ncd6 Rxc3 24.Nxc3 Qc7 25.Nd5  1-0

[Event "Bundesliga 2001-2"]
[Site "Luebeck GER"]
[Date "2002.03.17"]
[Round "11"]
[White "Epishin,V"]
[Black "Nikolic,Pr"]
[Result "1-0"]
[WhiteElo "2599"]
[BlackElo "2653"]

1.d4 d5 2.c4 c6 3.Nc3 e5 4.e3 e4 5.Nge2 Nf6 6.Bd2 Na6 7.cxd5 cxd5 8.Nf4 Nc7
9.Qb3 Be7 10.Be2 O-O 11.Rc1 Rb8 12.a4 Bd6 13.h3 a6 14.a5 Be6 15.Na4 Bd7 16.Nb6 Bc6
17.h4 Re8 18.g3 h6 19.Bb4 g6 20.Bxd6 Qxd6 21.Qa3 Qxa3 22.bxa3 Kg7 23.Bd1 g5
24.Ne2 Nb5 25.a4 Nd6 26.Nc3 Nc8 27.Kd2 Re6 28.Nxc8 Rxc8 29.Na2 Bd7 30.Rxc8 Bxc8
31.Be2 Rc6 32.hxg5 hxg5 33.Rb1 Kf8 34.Nc1 Rc7 35.Nb3 Bd7 36.Nc5 Bc6 37.Rc1 Ke7
38.Nxb7 Rxb7 39.Rxc6 Rb2+ 40.Rc2 Rb4 41.Ra2 Ne8 42.Bxa6 Nd6 43.Bb5 Nxb5 44.axb5 Rxb5
45.a6 Rb8 46.a7 Ra8 47.Kc3 Kd6 48.Kb4 Kc6 49.Ra6+ Kb7 50.Kb5  1-0

[Event "FIDE GP"]
[Site "Dubai UAE"]
[Date "2002.04.03"]
[Round "1.2"]
[White "Nikolic,Pr"]
[Black "Georgiev,Ki"]
[Result "1/2-1/2"]
[WhiteElo "2653"]
[BlackElo "2655"]

1.d4 Nf6 2.c4 e6 3.Nf3 d5 4.Nc3 Be7 5.Bg5 Nbd7 6.e3 O-O 7.Qc2 c5 8.cxd5 Nxd5
9.Bxe7 Qxe7 10.Nxd5 exd5 11.Bd3 g6 12.dxc5 Nxc5 13.O-O Bg4 14.Nd4 Ne6 15.Nb3 Rac8
16.Qd2 Nc5 17.Qb4 Be6 18.Rac1 b6 19.Be2 Rc7 20.Nd4 Rfc8 21.Rc2 Bd7 22.Rfc1 Qe5
23.Nf3 Qe4 24.Qd2 Ne6 25.Bd3 Qa4 26.Ne5 Be8 27.Rxc7 Rxc7 28.Rxc7 Nxc7 29.Qc1 Ne6
30.Qc8 Kf8 31.h3 Qb4 32.b3 Qd6 33.Nf3 Ke7 34.Qa8 a5 35.a4 h5 36.h4 d4 37.exd4 Nxd4
38.Qe4+ Ne6 39.Bc4 Bc6 40.Qe2 Bd5 41.Ne5 Kf8 42.Qe3 Nc7 43.Bf1 Be6 44.g3 Ne8
45.Nc4 Qb4 46.Nxb6 Nd6 47.Na8 Bxb3 48.Nc7 Bc4 49.Bxc4 Qxc4 50.Qb6 Qb4 51.Qc6 Qe1+
52.Kg2 Qe4+ 53.Qxe4 Nxe4 54.Nd5 Nc5 55.Nc3 Ke7 56.Kf3 Kd6 57.Kf4 Ne6+ 58.Ke4 f5+
59.Kd3 Kc5 60.f4  1/2-1/2

[Event "FIDE GP"]
[Site "Dubai UAE"]
[Date "2002.04.03"]
[Round "1.1"]
[White "Georgiev,Ki"]
[Black "Nikolic,Pr"]
[Result "1-0"]
[WhiteElo "2655"]
[BlackElo "2653"]

1.d4 f5 2.g3 Nf6 3.Bg2 g6 4.Nf3 Bg7 5.O-O O-O 6.c4 d6 7.Nc3 Na6 8.d5 Bd7
9.Be3 c6 10.Rc1 Ng4 11.Bd2 e5 12.dxe6 Bxe6 13.b3 h6 14.Na4 Qe7 15.Bc3 Ne5
16.Re1 Rad8 17.Qc2 Qf7 18.Nb2 Nc5 19.Nxe5 Bxe5 20.b4 Bxc3 21.Qxc3 Ne4 22.Qe3 g5
23.a3 a6 24.Red1 d5 25.cxd5 Bxd5 26.Qb6 Rd6 27.Nd3 c5 28.Qxd6 Nxd6 29.Ne5 Qg7
30.Rxd5 cxb4 31.axb4 Ne4 32.h3 Re8 33.Bxe4 fxe4 34.Ng4 e3 35.Nxe3 Qb2 36.Rc7 Qxe2
37.Ng4 Qf3 38.Nxh6+ Kh8 39.Nf7+ Kg8 40.Nh6+ Kh8 41.Nf7+ Kg8 42.Rxg5+ Kf8
43.Ne5 Qd1+ 44.Kh2 Rxe5 45.Rxe5 Qd4 46.Rf5+ Ke8 47.Rxb7 Qe4 48.Rb8+ Ke7 49.Rf4  1-0

[Event "Bundesliga 2001-2"]
[Site "Porz GER"]
[Date "2002.04.13"]
[Round "12"]
[White "Boensch,U"]
[Black "Nikolic,Pr"]
[Result "1/2-1/2"]
[WhiteElo "2542"]
[BlackElo "2653"]

1.d4 d5 2.c4 c6 3.e3 Bf5 4.cxd5 cxd5 5.Qb3 Qc7 6.Bd2 e6 7.Nf3 a6 8.Na3 Nc6
9.Rc1 Bd6 10.Be2 Nge7 11.O-O O-O 12.Nc2 Rfc8 13.Nce1 b5 14.Nd3 Qb6 15.Nc5 e5
16.a4 Bg4 17.axb5 e4 18.bxc6 Bxc5 19.Bd1 exf3 20.Rxc5 Rxc6 21.Qxb6 Rxb6 22.Bxf3 Bxf3
23.gxf3 Rxb2  1/2-1/2

[Event "Bundesliga 2001-2"]
[Site "Porz GER"]
[Date "2002.04.14"]
[Round "13"]
[White "Nikolic,Pr"]
[Black "Mueller,Matt"]
[Result "1-0"]
[WhiteElo "2653"]
[BlackElo "2415"]

1.d4 d5 2.c4 e6 3.Nf3 Nf6 4.Bg5 dxc4 5.e4 b5 6.e5 h6 7.Bh4 g5 8.Nxg5 hxg5
9.Bxg5 Nbd7 10.Be2 Bb7 11.Bf3 c6 12.exf6 Qc7 13.a4 b4 14.Qe2 Rxh2 15.Rxh2 Qxh2
16.Qxc4 a5 17.Be3 Bh6 18.Qf1 Ba6 19.Be2 Bxe2 20.Kxe2 Qh5+ 21.Ke1 c5 22.Nd2 Bxe3
23.fxe3 cxd4 24.exd4 Qh4+ 25.Qf2 Qxf2+ 26.Kxf2 Nxf6 27.Rc1 Nd5 28.Kf3 Ke7
29.Rc5 Rh8 30.Rxa5 Rh1 31.Ra7+ Kf8 32.a5 Rd1 33.Ke2 Rg1 34.Kf2 Rd1 35.Ke2 Rg1
36.a6 Rxg2+ 37.Kd3 Nf4+ 38.Kc2 Ne2 39.Ra8+ Kg7 40.a7 Nxd4+ 41.Kd3 Nc6 42.Rg8+  1-0

[Event "Bundesliga 2001-2"]
[Site "Solingen GER"]
[Date "2002.04.28"]
[Round "15"]
[White "Nikolic,Pr"]
[Black "Doettling,F"]
[Result "1-0"]
[WhiteElo "2653"]
[BlackElo "2540"]

1.d4 d5 2.c4 e6 3.Nc3 Be7 4.Nf3 Nf6 5.Bg5 O-O 6.e3 Nbd7 7.Rc1 a6 8.c5 Ne4
9.Nxe4 dxe4 10.Bxe7 Qxe7 11.Nd2 Nf6 12.Nc4 Bd7 13.Be2 Bc6 14.O-O Bd5 15.Qc2 Bxc4
16.Bxc4 e5 17.dxe5 Qxe5 18.h3 c6 19.Rfd1 Rad8 20.b4 g6 21.Rd2 Rxd2 22.Qxd2 Kg7
23.Rd1 Re8 24.Bb3 Re7 25.Qd8 Re8 26.Qd4 Qxd4 27.Rxd4 Kf8 28.Kf1 Re5 29.Rd8+ Re8
30.Rd6 Ke7 31.Rd4 Ra8 32.Bc2 a5 33.Bxe4 axb4 34.Rxb4 Ra7 35.a4 Nd7 36.Bc2 Nxc5
37.Ke2 Ra5 38.f4 b5 39.axb5 Rxb5 40.Rc4 Kd6 41.g4 h6 42.h4 Ra5 43.g5 hxg5
44.hxg5 Ra2 45.Kf3 Rb2 46.Rc3 Rb4 47.Ra3 Ke7 48.Bd1 Rb7 49.Be2 Rc7 50.Bc4 Nd7
51.Ra6 Kf8 52.e4 Kg7 53.Ke3 f6 54.Ra5 fxg5 55.Rxg5 Nf8 56.Ra5 Kf6 57.Ra8 Ke7
58.e5 Rb7 59.Kf3 Rc7 60.Kg4 c5 61.Ra6 Rd7 62.Kg5 Rb7 63.Rc6 Rb1 64.Rc7+ Kd8
65.Rf7 Ke8 66.e6  1-0

[Event "TCh-BIH"]
[Site "Neum BIH"]
[Date "2002.06.05"]
[Round "5"]
[White "Nikolic,Pr"]
[Black "Markovic,Miros"]
[Result "1-0"]
[WhiteElo "2653"]
[BlackElo "2517"]

1.d4 Nf6 2.c4 g6 3.Nf3 Bg7 4.g3 O-O 5.Bg2 d6 6.O-O Nc6 7.Nc3 Bg4 8.d5 Na5
9.Qd3 Nd7 10.b3 c6 11.Bb2 Nc5 12.Qd2 Rc8 13.Nd4 Bd7 14.Rfd1 Re8 15.Rac1 Qb6
16.e3 Qd8 17.Nce2 cxd5 18.cxd5 b5 19.Bc3 Nab7 20.Nc6 Bxc3 21.Nxc3 Qb6 22.b4 Na4
23.Nxa4 bxa4 24.a3 Nd8 25.Qd4 Bxc6 26.dxc6 Ne6 27.Qh4 Rc7 28.Rc4 Rec8 29.Rdc1 Ng7
30.R4c3 Nf5 31.Qg4 a6 32.Qd1 Rd8 33.Bh3 Ng7 34.Qxa4 e6 35.Bf1 Ra8 36.b5 a5
37.Qd4 Qxd4 38.exd4 Rb8 39.d5 Kf8 40.a4 Nf5 41.dxe6 fxe6 42.Rd1 Ke7 43.f4 d5
44.Bh3 Ng7 45.Re3 Kd6 46.Re5 Nf5 47.Rde1 Nd4 48.Kf2 Re7 49.Rd1 Nf5 50.Bg2 Rbe8
51.g4 Ng7 52.Kg3 Kc7 53.h3 Rf7 54.Re3 Kb6 55.Rc1 Rc8 56.Bf1 Rcf8 57.Bd3 Rc7
58.Re2 Rf6 59.Re5 Rf8 60.f5 gxf5 61.gxf5 exf5 62.Rxd5 f4+ 63.Kf3 Ne6 64.Bf5 Ng5+
65.Kxf4 Rg7 66.Rd7 Ne6+ 67.Ke5 Rxd7 68.cxd7 Nd8 69.Rc8 h6 70.Bg6  1-0

[Event "TCh-BIH"]
[Site "Neum BIH"]
[Date "2002.06.06"]
[Round "7"]
[White "Nikolic,Pr"]
[Black "Ristic,Nen"]
[Result "1-0"]
[WhiteElo "2653"]
[BlackElo "2464"]

1.d4 Nf6 2.Nf3 c5 3.d5 g6 4.c4 b5 5.cxb5 a6 6.bxa6 Bg7 7.Nc3 Bxa6 8.g3 d6
9.Bg2 Nbd7 10.Rb1 O-O 11.b3 Qa5 12.Bd2 Bb7 13.O-O Qa6 14.Bc1 e6 15.dxe6 fxe6
16.a4 Ne4 17.Nb5 d5 18.Ng5 Nxg5 19.Bxg5 Rac8 20.Rc1 Rf7 21.e4 d4 22.Qd2 e5
23.Qd3 Bc6 24.Rfd1 Rcf8 25.Rc2 h6 26.Bc1 Qa8 27.Ba3 h5 28.h4 Bh6 29.Bc1 Bxc1
30.Rdxc1 Kg7 31.Nc7 Qa7 32.Ne6+ Kh7 33.Bh3 Qb7 34.Nxf8+ Nxf8 35.f3 Bd7 36.Bf1 Ne6
37.a5 c4 38.Qxc4 Rxf3 39.Qd5 Qa7 40.Rc7 Nxc7 41.Qxd7+ Kh6 42.Rxc7  1-0

[Event "ECC"]
[Site "Halkidiki GRE"]
[Date "2002.09.25"]
[Round "4"]
[White "Akopian,V"]
[Black "Nikolic,Pr"]
[Result "1-0"]
[WhiteElo "2678"]
[BlackElo "2653"]

1.e4 d6 2.d4 Nf6 3.Nc3 g6 4.Be3 Bg7 5.Qd2 c6 6.h3 O-O 7.Nf3 b5 8.Bd3 Nbd7
9.O-O Qc7 10.Rfe1 e5 11.dxe5 dxe5 12.Ne2 Bb7 13.Ng3 Rfe8 14.c4 a6 15.a4 bxc4
16.Bxc4 c5 17.Rac1 Bc6 18.b4 Nb6 19.Bb3 c4 20.Bxb6 Qxb6 21.Bxc4 Rad8 22.Bxf7+ Kxf7
23.Rxc6 Qxc6 24.Qxd8 Qxa4 25.Qd6 Qb5 26.Rc1 Kg8 27.Rc7 a5 28.bxa5 Qxa5 29.Qc6 Bh6
30.Rb7 Qd8 31.Qc2 Qc8 32.Qb3+ Qe6 33.Qb5 Rc8 34.Rb6 Qe7 35.Qb3+ Kh8 36.Re6 Qf8
37.Nxe5 Rc1+ 38.Kh2 Bf4 39.Qb2 Kg8 40.Qb3 Kh8 41.Qb2 Kg8 42.Qa2 Kh8 43.Qe2 Rb1
44.Qf3 Nh5 45.Qc3 Ng7 46.Nd7 Qd8 47.Rf6  1-0

[Event "ECC"]
[Site "Halkidiki GRE"]
[Date "2002.09.28"]
[Round "7"]
[White "Sax,G"]
[Black "Nikolic,Pr"]
[Result "1/2-1/2"]
[WhiteElo "2511"]
[BlackElo "2653"]

1.e4 e5 2.Nf3 Nc6 3.Bb5 a6 4.Ba4 Nf6 5.O-O Be7 6.Re1 b5 7.Bb3 d6 8.c3 O-O
9.h3 Na5 10.Bc2 c5 11.d4 Qc7 12.Nbd2 cxd4 13.cxd4 Nc6 14.Nb3 a5 15.Be3 a4
16.Nbd2 Bd7 17.a3 Qb7 18.Bd3 Rfe8 19.Qe2 Rab8  1/2-1/2

[Event "1st Milk Masters"]
[Site "Selfoss ISL"]
[Date "2002.10.08"]
[Round "1"]
[White "Nikolic,Pr"]
[Black "Stefansson,H"]
[Result "1-0"]
[WhiteElo "2661"]
[BlackElo "2566"]

1.d4 Nf6 2.c4 e6 3.Nf3 b6 4.g3 Ba6 5.Qa4 Bb7 6.Bg2 c5 7.dxc5 bxc5 8.O-O Be7
9.Nc3 O-O 10.Bf4 d6 11.Rfd1 Qb6 12.Rab1 Nbd7 13.b4 Bc6 14.b5 Bb7 15.Qc2 Rfd8
16.e4 e5 17.Bd2 Nf8 18.Nd5 Nxd5 19.cxd5 Bc8 20.a4 Bg4 21.Rb3 Nd7 22.Rdb1 Bxf3
23.Bxf3 Qc7 24.Be2 Rab8 25.a5 Qb7 26.b6 a6 27.Qc4 Ra8 28.f4 Bf6 29.f5 h6
30.Bd1 Rac8 31.Rf3 Kf8 32.Ba4 Nb8 33.Be1 h5 34.Bd2 Ke7 35.Kg2 Rh8 36.h3 Rh7
37.Rh1 Rhh8 38.Rff1 Rcg8 39.Be3 Rc8 40.Kf3 Rh7 41.Ke2 Kf8 42.Rb1 Ke7 43.Qc3 Rhh8
44.Rbg1 Kf8 45.Qd2 Rh7 46.Rc1 Rh8 47.Rc4 Be7 48.Rc3 Bf6 49.Qc1 Be7 50.Kf3 Kg8
51.Kg2 Kf8 52.Bf2 Kg8 53.Rf3 Bf6 54.Rd1 Kh7 55.Rdd3 Rhg8 56.Rc3 Rh8 57.Rc2 Kg8
58.Rfc3 Be7 59.g4 Kh7 60.g5 g6 61.f6 Bf8 62.Qf1 Rg8 63.Qc4 Kh8 64.Rb2 Kh7
65.Rd3 Kh8 66.Bg3 Kh7 67.Bc6 Rxc6 68.dxc6 Nxc6 69.Qd5 Kh8 70.Rd1 Kh7 71.Bxe5 dxe5
72.Qd7 Qxd7 73.Rxd7 c4 74.Rxf7+ Kh8 75.Rc7 c3 76.Rf2 Nxa5 77.f7  1-0

[Event "1st Milk Masters"]
[Site "Selfoss ISL"]
[Date "2002.10.09"]
[Round "2"]
[White "Nikolic,Pr"]
[Black "Tregubov,P"]
[Result "1-0"]
[WhiteElo "2661"]
[BlackElo "2594"]

1.d4 d5 2.c4 e6 3.Nc3 Be7 4.Nf3 Nf6 5.Bg5 O-O 6.e3 Nbd7 7.Qc2 c5 8.cxd5 cxd4
9.Nxd4 Nxd5 10.Bxe7 Nxe7 11.Be2 Nf6 12.O-O Bd7 13.Rfd1 Qb6 14.Qb3 Qxb3 15.Nxb3 b6
16.Rac1 Rfd8 17.Ba6 Kf8 18.e4 Rab8 19.f3 Ne8 20.Kf2 Nc7 21.Be2 e5 22.Na1 Bc6
23.Nc2 a5 24.Ne3 f6 25.Bc4 Be8 26.Ke1 Rxd1+ 27.Rxd1 b5 28.Bd3 Rd8 29.Be2 Rxd1+
30.Kxd1 b4 31.Nb1 Bf7 32.Bc4 Ne6 33.Nd2 Nc5 34.Bxf7 Kxf7 35.Kc2 a4 36.a3 bxa3
37.bxa3 Ke6 38.Kc3 Kd6 39.Ndc4+ Kc6 40.Kb4 Nd3+ 41.Kxa4 Kc5 42.Kb3 Nc6 43.Kc3 Nf4
44.Nb2 Ne2+ 45.Kd2 Ned4 46.Kd3 Ne6 47.Kc3 Ncd4 48.a4 Nf4 49.Nd3+ Nxd3 50.Kxd3 Kb4
51.f4 Ne6 52.fxe5 fxe5 53.Nd5+ Kxa4 54.Kc4 Ka5 55.Ne3 Nf4 56.g3 Ng6 57.Nf5  1-0

[Event "1st Milk Masters"]
[Site "Selfoss ISL"]
[Date "2002.10.11"]
[Round "4"]
[White "Nikolic,Pr"]
[Black "Thorfinnsson,Br"]
[Result "1-0"]
[WhiteElo "2661"]
[BlackElo "2357"]

1.d4 Nf6 2.c4 e6 3.Nf3 b6 4.g3 Ba6 5.Qa4 Bb7 6.Bg2 c5 7.O-O Be7 8.Nc3 O-O
9.Rd1 d6 10.d5 exd5 11.cxd5 a6 12.e4 b5 13.Qc2 Nfd7 14.a4 b4 15.Nb1 a5 16.Be3 Bf6
17.Nbd2 Re8 18.Re1 Nb6 19.Rad1 N8d7 20.Bf4 Qb8 21.Bf1 Ba6 22.Bxa6 Rxa6 23.Nc4 Nxc4
24.Qxc4 Rb6 25.Re2 h6 26.h4 Rb7 27.Rde1 Nb6 28.Qc2 Rbe7 29.Kg2 c4 30.Qd1 c3
31.b3 Nd7 32.g4 Ne5 33.Nd4 Nxg4 34.Nc6 Qc7 35.Bg3 h5 36.Nxe7+ Qxe7 37.e5 dxe5
38.f3 Nh6 39.Bxe5 Bxe5 40.Rxe5 Qxe5 41.Rxe5 Rxe5 42.d6 Re8 43.Qd5 Re2+ 44.Kh3 Rd2
45.Qxa5 c2 46.Qc5 f6 47.a5 Nf7 48.a6 g5 49.a7  1-0

[Event "1st Milk Masters"]
[Site "Selfoss ISL"]
[Date "2002.10.12"]
[Round "5"]
[White "Hracek,Z"]
[Black "Nikolic,Pr"]
[Result "1/2-1/2"]
[WhiteElo "2607"]
[BlackElo "2661"]

1.e4 e5 2.Nf3 Nc6 3.Bb5 a6 4.Ba4 Nf6 5.O-O Be7 6.Re1 b5 7.Bb3 d6 8.c3 O-O
9.h3 Na5 10.Bc2 c5 11.d4 Qc7 12.d5 Bd7 13.b3 Nb7 14.a4 Rfb8 15.Na3 Ne8 16.Qe2 Nd8
17.Bd2 g6 18.Nh2 f6 19.c4 bxa4 20.bxa4 Nf7 21.Ng4 Bf8 22.Bc3 Qd8 23.Ne3 Bh6
24.Nb1  1/2-1/2

[Event "1st Milk Masters"]
[Site "Selfoss ISL"]
[Date "2002.10.13"]
[Round "6"]
[White "Nikolic,Pr"]
[Black "Kristjansson,S"]
[Result "1-0"]
[WhiteElo "2661"]
[BlackElo "2431"]

1.d4 Nf6 2.c4 e6 3.Nf3 b6 4.g3 Ba6 5.b3 Bb7 6.Bg2 Bb4+ 7.Bd2 a5 8.O-O O-O
9.Qc2 d6 10.Rd1 Nbd7 11.Nc3 Bxc3 12.Bxc3 Be4 13.Qc1 a4 14.Bf1 axb3 15.axb3 Rxa1
16.Qxa1 Qe7 17.Nd2 Ra8 18.Qb2 Bb7 19.Qc2 e5 20.d5 b5 21.e4 bxc4 22.Nxc4 Nc5
23.Bg2 Ba6 24.Na5 Qe8 25.b4 Qa4 26.Qxa4 Nxa4 27.Bd2 Kf8 28.f3 Bb5 29.Rc1 Ne8
30.h4 Nb6 31.Kf2 Nc8 32.g4 Ra7 33.g5 Ra8 34.h5 Ne7 35.Bh3 Rb8 36.Kg3 Ra8
37.f4 exf4+ 38.Bxf4 Ng8 39.h6 gxh6 40.gxh6 Ngf6 41.Kf3 Bd3 42.Re1 Rb8 43.Bd2 Nxe4
44.Rxe4 Bxe4+ 45.Kxe4 Nf6+ 46.Kd4 Re8 47.Bg5 Ne4 48.Bh4 Nd2 49.Bf6 Nf3+ 50.Kd3 Ne5+
51.Kc3 Ng6 52.Bd7 Re1 53.Nc6 Nf4 54.Kd4 Rd1+ 55.Ke4 Nxd5 56.Bg7+ Kg8 57.b5 f5+
58.Bxf5 Kf7 59.Bg4 Nf6+ 60.Bxf6 Re1+ 61.Kf5 Rf1+ 62.Kg5 Rxf6 63.Bf5 d5 64.Ne5+ Ke7
65.Bxh7 Rf1 66.Bg8 Rg1+ 67.Ng4 Kf8 68.Bxd5 Rg3 69.Be6 Rg1 70.Kg6 Ke7 71.Bf5  1-0

[Event "1st Milk Masters"]
[Site "Selfoss ISL"]
[Date "2002.10.14"]
[Round "7"]
[White "McShane,L"]
[Black "Nikolic,Pr"]
[Result "1/2-1/2"]
[WhiteElo "2546"]
[BlackElo "2661"]

1.e4 e5 2.Nf3 Nc6 3.Bb5 a6 4.Ba4 Nf6 5.O-O Be7 6.Re1 b5 7.Bb3 d6 8.c3 O-O
9.d4 Bg4 10.d5 Na5 11.Bc2 c6 12.h3 Bxf3 13.Qxf3 cxd5 14.exd5 Qc7 15.Nd2 g6
16.Nf1 Rfc8 17.Ne3 Ne8 18.Nf5 Bf6 19.Nh6+ Kf8 20.g3 Bg7 21.h4 Nf6 22.Bg5 Nc4
23.Rab1 Ng8 24.Nxg8 Kxg8 25.g4 b4 26.cxb4 h6 27.Bc1 Na3 28.bxa3 Qxc2 29.Rb2 Qxc1
30.Rxc1 Rxc1+ 31.Kg2 e4 32.Qb3 Bxb2 33.Qxb2 Rac8 34.Qd2 R8c3 35.Qxh6 R1c2
36.h5 Rf3 37.hxg6 Rcxf2+ 38.Kg1 Rf1+  1/2-1/2

[Event "1st Milk Masters"]
[Site "Selfoss ISL"]
[Date "2002.10.15"]
[Round "8"]
[White "Nikolic,Pr"]
[Black "Sokolov,I"]
[Result "1/2-1/2"]
[WhiteElo "2661"]
[BlackElo "2684"]

1.d4 d5 2.c4 c6 3.Nf3 Nf6 4.e3 Bf5 5.Nc3 e6 6.Nh4 Bg6 7.Nxg6 hxg6 8.g3 Nbd7
9.Qe2 dxc4 10.Qxc4 e5 11.Bg2 Nb6 12.Qd3 Bc5 13.Qe2 exd4 14.exd4+ Be7 15.O-O O-O
16.Be3 Re8 17.Rad1 Qd7 18.Qc2 Nfd5 19.Bc1  1/2-1/2

[Event "Bundesliga 2002-3"]
[Site "Baden-Baden GER"]
[Date "2002.10.20"]
[Round "2"]
[White "Buhmann,R"]
[Black "Nikolic,Pr"]
[Result "1/2-1/2"]
[WhiteElo "2527"]
[BlackElo "2661"]

1.d4 Nf6 2.c4 e6 3.Nf3 b6 4.a3 Bb7 5.Nc3 g6 6.Qc2 Bxf3 7.gxf3 Bg7 8.Bg2 O-O
9.O-O c5 10.dxc5 bxc5 11.Rd1 Nc6 12.e3 Qe7 13.Rb1 Rab8 14.b3 a6 15.Bb2 d6
16.Ba1 Qc7 17.f4 Ne7 18.Rd3 Rfd8 19.Rbd1 Ne8 20.Ne4 Bxa1 21.Rxa1 Nf5 22.Qc3 Qe7
23.Rad1 Nh4 24.Bh1 e5 25.fxe5 dxe5 26.Rxd8 Rxd8 27.Rxd8 Qxd8 28.Qd2 Qxd2
29.Nxd2 f5 30.Bd5+ Kf8 31.b4 cxb4 32.axb4 Nc7 33.Bb7 e4 34.f3 Nxf3+ 35.Nxf3 exf3
36.Kf2 Ke7 37.Kxf3 Kf6 38.Ke2 Ke5 39.Kd3 g5 40.Kc3 h5 41.Kb3 g4 42.Ka4 h4
43.Ka5 Kd6 44.Kb6 Kd7 45.Bc6+ Kc8 46.Ka7 g3 47.hxg3 hxg3 48.Bb7+ Kd7 49.Bf3 Kc8
50.c5 Kd8 51.Kb7 Kd7 52.Bc6+ Kd8 53.Bh1 Kd7 54.Bf3 Kd8 55.Bc6 Ne6 56.Kxa6 Kc7
57.Bh1 Kb8 58.Bf3 f4 59.exf4 Nxf4 60.b5 g2 61.Bxg2 Nxg2 62.c6 Ne3 63.b6 Nd5
64.Kb5 Ne7 65.Kc5 Nxc6 66.Kxc6  1/2-1/2